000 00374nam a2200157Ia 4500
005 20250423101621.0
008 250422s9999 xx 000 0 und d
020 _a1-861007- 09- 4
050 _aQA 76.76.M52 .U53/
245 0 _aUnderstanding the .NET framework
260 _aBirmingham
260 _bWrox Press Ltd.
260 _c2002
300 _a258 p
942 _cBK
999 _c36770
_d36770